02126cas a2200565 i 450000100090000000300090000900500170001800800410003501500190007601600180009502200140011304000380012704300090016508200250017410000280019924501030022726400380033030000370036831000110040533600260041633700280044233800270047036200280049750000440052550400330056958800410060258800440064365000580068765000430074565000480078865000620083665000220089865000370092065000320095765000490098965000640103865000370110265000560113965100100119565500250120565500200123065500410125065500430129165500200133465500220135465500220137670000220139877600830142085600570150311407915EG-GICUC20260413150145.0260413s19959999enkar go 0 0eng c aGB91213902bnb7 a0072340232Uk a0965-1721 aVLLbengcEG-GICUCdEG-GICUCerda aenk# a341.762221bH A . Y10aHandl, GunthereAuthor.10aYearbook of International Environmental Law (Vol. 5, 1994) / cEdited by Gunther Handl.nVolume 5 aOxford :bClarendon Press,c1995. avolumes ;c27 cmbillustrations, aAnnual atextbtxt2rdacontent aunmediatedbn2rdamedia avolumebnc2rdacarrier1 aBegan with v. 1 (1990). aEditor-in-chief: 1990- Günther Handl. aBibliography: pages 200-250. aDescription based on: Vol. 2 (1991). aLatest issue consulted: Vol. 15 (2004). 0aEnvironmental law, InternationalvPeriodicals.2qrmak 0aEnvironmental lawvPeriodicals.2qrmak 6aEnvironnementxDroitvPériodiques.2qrmak 6aEnvironnementxDroit internationalvPériodiques.2qrmak 7aAnnuaires.2eclas 7aDroit de l'environnement.2eclas 7aDroit international.2eclas 7aEnvironmental law.2fast0(OCoLC)fst00913122 7aEnvironmental law, International.2fast0(OCoLC)fst0091317017aInternationaal milieurecht.2gtt 7aEnvironmental law, InternationalvPeriodicals.2nli1 2qrmak 0aElectronic journals. 7ayearbooks.2aat 7aYearbooks.2fast0(OCoLC)fst01424368 7aPeriodicals.2fast0(OCoLC)fst01411641 7aYearbook.2gtlm 7aYearbooks.2lcgft 7aAnnuaires.2rvmgf1 aHandl, Günther.08iOnline version:tYearbook of international environmental laww(OCoLC)60758339540uhttps://fll.law.cu.edu.eg/fulltext/bks/B11-05888.pdf